01680nab a22002897a 4500003000400000005001700004008004100021040000700062100004000069245021800109260007300327300001300400500007600413505043600489505008900925650003601014650002801050650003401078650002901112650002401141650001801165650001401183650001901197650001701216650002301233773013401256OSt20251224102936.0190603e xxum|||| |||| 00| 0 spa d cPJ aGonzález Vila, Diego Sebastián 10aReintegro del precio del pasaje como deuda de valor en el contrato de transporte aéreo de pasajeros: garantía del principio protectorio consumeril de rango constitucional /cDiego Sebastián González Vila.  cCiudad Autónoma de Buenos Aires :aThomson Reuters La Ley, b2025. ap. 25-57 aCita: TR LALEY AR/DOC/30/2025 Publicado en: RCCyC 2025 (febrero) , 25. aSumario: I. Introducción.— II. El contrato de transporte aéreo de personas como relación de consumo (art. 42 CN). Noción para distinguir un vuelo nacional del internacional y la normativa aplicable.— III. El momento de perfección del contrato de transporte aéreo. La cancelación del vuelo por causas no imputables a las partes. El reintegro como deuda de valor (art. 772 Cód. Civ. y Com.).— IV. Conclusión.  t¿Te interesa el texto completo? Solicitalo al correo: koha@justierradelfuego.gov.ar 0aTRANSPORTE AÉREO DE PASAJEROS 0aDERECHOS DEL CONSUMIDOR 0aLEY DE DEFENSA DEL CONSUMIDOR 0aCODIGO CIVIL Y COMERCIAL 0aRELACION DE CONSUMO 0aINDEMNIZACION 0aINTERESES 0aPRESCRIPCIÓN 0aFUERZA MAYOR 0aSERVICIOS AÉREOS0 02713dCiudad Autónoma de Buenos Aires : Thomson Reuters La Ley, 2015-tRevista Código Civil y Comercial. Nº 1 - Febrero 2025